LEADER 02087oas 2200637 a 450 001 9910698480803321 005 20250713213019.0 011 $a2153-7593 035 $a(OCoLC)526765051 035 $a(CONSER) 2010230046 035 $a(CKB)2560000000095652 035 $a(EXLCZ)992560000000095652 100 $a20100223a20089999 ua a 101 0 $aeng 135 $aur||||||||||| 181 $ctxt$2rdacontent 182 $cc$2rdamedia 183 $acr$2rdacarrier 200 00$aImproved detection techniques for foodborne pathogens ... annual report 210 $aWashington, D.C. $cU.S. Dept. of Agriculture, Agricultural Research Service 215 $cHTML files 606 $aPathogenic microorganisms$xDetection$zUnited States$vPeriodicals 606 $aBiosensors$zUnited States$vPeriodicals 606 $aFood contamination$zUnited States$xPrevention$vPeriodicals 606 $aBiosensors$2fast$3(OCoLC)fst00832703 606 $aFood contamination$xPrevention$2fast$3(OCoLC)fst00930755 606 $aPathogenic microorganisms$xDetection$2fast$3(OCoLC)fst01054936 607 $aUnited States$2fast$1https://id.oclc.org/worldcat/entity/E39PBJtxgQXMWqmjMjjwXRHgrq 608 $aPeriodicals.$2fast 608 $aPeriodicals.$2lcgft 615 0$aPathogenic microorganisms$xDetection 615 0$aBiosensors 615 0$aFood contamination$xPrevention 615 7$aBiosensors. 615 7$aFood contamination$xPrevention. 615 7$aPathogenic microorganisms$xDetection. 676 $a363 712 02$aFood Safety National Program (U.S.) 712 02$aUnited States.$bAgricultural Research Service. 801 0$bGPO 801 1$bGPO 801 2$bDLC 801 2$bGPO 801 2$bDOS 801 2$bOCLCQ 801 2$bOCLCF 801 2$bOCLCQ 801 2$bOCLCA 801 2$bGILDS 801 2$bOCLCO 801 2$bOCLCQ 801 2$bOCLCL 906 $aJOURNAL 912 $a9910698480803321 996 $aImproved detection techniques for foodborne pathogens ... annual report$93125405 997 $aUNINA